Калмыцкая степь Астраханской губернии по исследованиям Кумо-Манычской экспедиции: в 3-х частях; Перечень работ произведенных экспедицией; Астрономические работы в Калмыцкой степи и топографическая нивелировка на Маныче; Геологическое описание Калмыцкой степ и прилижащих к ней земель; Статистическо-хозяйственное описание Калмыцкой степи
| Samenvatting: | Раздельная пагинация стр. |
|---|---|
| Taal: | Russisch |
| Gepubliceerd in: |
Санкт-Петербург, Типография В. Безобразова и Комп., 1868
|
| TOC: | Костенков, Перечень работ произведенных экспедицией; Крыжин, Астрономические работы в Калмыцкой степи и топографическая нивелировка на Маныче; Н. П. Барбот де Марни, Геологическое описание Калмыцкой степ и прилижащих к ней земель; Костенков, Статистическо-хозяйственное описание Калмыцкой степи; |
| Onderwerpen: | |
| Formaat: | Boek |
| KOHA link: | https://koha.lib.tpu.ru/cgi-bin/koha/opac-detail.pl?biblionumber=332161 |
MARC
| LEADER | 00000nam0a2200000 4500 | ||
|---|---|---|---|
| 001 | 332161 | ||
| 005 | 20231102004428.0 | ||
| 035 | |a (RuTPU)RU\TPU\book\358063 | ||
| 090 | |a 332161 | ||
| 100 | |a 20170517d1868 k y0rusy50 ca | ||
| 101 | 0 | |a rus | |
| 102 | |a RU | ||
| 105 | |a af z 001zy | ||
| 200 | 1 | |a Калмыцкая степь Астраханской губернии по исследованиям Кумо-Манычской экспедиции |e в 3-х частях | |
| 210 | |a Санкт-Петербург |c Типография В. Безобразова и Комп. |c Издание Министерства государственных имуществ |d 1868 | ||
| 215 | |a 36, 76, 173 с. |c 2 карты, 12 рис. | ||
| 300 | |a Раздельная пагинация стр. | ||
| 317 | |5 63413507: 18//511 |a Поступила в НТБ в 1900 г. в составе книжного собрания С. Н. Кулибина. | ||
| 320 | |a Приложения в конце частей. | ||
| 464 | |t Перечень работ произведенных экспедицией |f Костенков | ||
| 464 | |t Астрономические работы в Калмыцкой степи и топографическая нивелировка на Маныче |f Крыжин | ||
| 464 | |t Геологическое описание Калмыцкой степ и прилижащих к ней земель |f Н. П. Барбот де Марни | ||
| 464 | |t Статистическо-хозяйственное описание Калмыцкой степи |f Костенков | ||
| 516 | 1 | |a Геологическое описание Калмыцкой степи | |
| 606 | 1 | |a Геология |x История |2 stltpush |3 (RuTPU)RU\TPU\subj\68097 |9 83634 | |
| 606 | 1 | |a Геологические экспедиции |2 stltpush |3 (RuTPU)RU\TPU\subj\6091 |9 34050 | |
| 610 | 1 | |a геологическое описание | |
| 610 | 1 | |a геологическое описание | |
| 610 | 1 | |a Астраханская губерния | |
| 610 | 1 | |a калмыцкая степь | |
| 610 | 1 | |a топографическая съемка | |
| 610 | 1 | |a статистическое описание | |
| 610 | 1 | |a хозяйственное описание | |
| 610 | 1 | |a народонаселение | |
| 610 | 1 | |a перепись населения | |
| 610 | 1 | |a экспедиции | |
| 610 | 1 | |a библиотека С. Н. Кулибина | |
| 610 | 1 | |a 18 век | |
| 610 | 1 | |a 19 век | |
| 675 | |a 55(09) |v 4 | ||
| 675 | |a 550.8.02 |v 4 | ||
| 801 | 1 | |a RU |b 63413507 |c 20170517 | |
| 801 | 2 | |a RU |b 63413507 |c 20170517 |g RCR | |
| 942 | |c BK | ||